Himalaya : (Record no. 139235)

MARC details
000 -LEADER
fixed length control field 00916nam a22002297a 4500
005 - DATE AND TIME OF LATEST TRANSACTION
control field 20230628111749.0
010 ## - LCCN (DPL NO)
LC control number 1718EN-30 B-681939-943 ENG-137193
020 ## - INTERNATIONAL STANDARD BOOK NUMBER
Terms of availability 799.00
International Standard Book Number 9789385288920
035 ## - SYSTEM CONTROL NUMBER
System control number B-681939-943 EN-120725
037 ## - SOURCE OF ACQUISITION
Source of stock number/acquisition Pragati
Stock number dpl
037 ## - SOURCE OF ACQUISITION
Source of stock number/acquisition DBAD/PUB
082 ## - DEWEY DECIMAL CLASSIFICATION NUMBER
Classification number 883.03
245 ## - TITLE STATEMENT
Title Himalaya :
Statement of responsibility, etc edited by Ruskin bond [and] Namita Gokhale
Remainder of title Adventures: Meditations: Life /
260 ## - PUBLICATION, DISTRIBUTION, ETC. (IMPRINT)
Place of publication, distribution, etc New delhi
Name of publisher, distributor, etc Speaking tiger
Date of publication, distribution, etc 2016
270 ## - ADDRESS
Address 4381/4 Ansari Road, Daryaganj
City New Delhi
Postal code 110002
300 ## - PHYSICAL DESCRIPTION
Extent xviii 444p. :
Dimensions 23cm(Hb)
Other physical details ill.
500 ## - GENERAL NOTE
General note Includes bibliographical references and index
700 ## - ADDED ENTRY--PERSONAL NAME
Personal name Bond, Ruskin
700 ## - ADDED ENTRY--PERSONAL NAME
Personal name Gokhale, Namita
942 ## - ADDED ENTRY ELEMENTS (KOHA)
Source of classification or shelving scheme Dewey Decimal Classification
Item type English Books
Classification part 883.08
Call number suffix HIM
Holdings
Withdrawn status Lost status Not for loan Collection code Home library Current library Date acquired Source of acquisition Cost, normal purchase price Full call number Barcode Copy number Cost, replacement price Koha item type
      Non-fiction Ashok Vihar Ashok Vihar 04/05/2018 Pragati/142/27.11.2017/672/20.11.2017/28.11.2017 799.00 883.08 HIM B-681940 1 799.00 English Books
      Non-fiction Bawana Bawana 04/05/2018 Pragati/142/27.11.2017/672/20.11.2017/28.11.2017 799.00 883.08 HIM B-681943 1 799.00 English Books
      Non-fiction Bawana Bawana 28/06/2023 DBAD/PUB 799.00 883.08 HIM EN-120725 1 799.00 English Books
      Non-fiction Central Library Central Library 04/05/2018 Pragati/142/27.11.2017/672/20.11.2017/28.11.2017 799.00 883.08 HIM B-681939 1 799.00 English Books
      Non-fiction Janak Puri Janak Puri 04/05/2018 Pragati/142/27.11.2017/672/20.11.2017/28.11.2017 799.00 883.08 HIM B-681942 1 799.00 English Books
      Non-fiction Patel Nagar Patel Nagar 24/04/2017 DBAD/PUB 799.00 883.08 HIM EN-101471 1 799.00 English Books
      Non-fiction Patel Nagar Patel Nagar 04/05/2018 Pragati/142/27.11.2017/672/20.11.2017/28.11.2017 799.00 883.08 HIM B-681941 1 799.00 English Books

© Delhi Public Library
Hit Counter
free hit counter